000
00272nam a2200121Ia 4500
008
190216s9999||||xx |||||||||||||| ||und||
100
_a
Richard Gordon
245
0
_a
Doctor In The Swim
260
_b
Penguin Books
_c
1962
300
_a
218p
650
_a
Novel
942
_c
BK
999
_c
12828
_d
12828